| 000 | 03555nam a2200325 i 4500 | ||
|---|---|---|---|
| 003 | DO-SdBNP | ||
| 005 | 20240815122624.0 | ||
| 007 | ta | ||
| 008 | 240808s2007 sp abc e 000 0 spa d | ||
| 020 | _a8489898502 (c. completa) | ||
| 020 | _a8489898502 (actualización 2001) | ||
| 040 |
_aDO-SdBNP _bspa _cBNPHU _erda |
||
| 082 | 4 |
_222 _a036.1 _bL332 2007 |
|
| 245 | 0 | 0 |
_aLarousse 2000 : _bactualización 2007 / _cdirección Núria Lucena Cayuela ; edición Jordi Induráin Pons, Emili López Tossas ; redacción Cristina Ruiz Vegas |
| 264 | 1 |
_aBarcelona, España : _bPlaneta, _bTemáticos Larousse, _c©2007. |
|
| 300 |
_a344 páginas : _bilustraciones, mapas, retratos ; _c30 cm. |
||
| 336 |
_2rdacontent _atexto _btxt |
||
| 337 |
_2rdamedia _asin mediación _bn |
||
| 338 |
_2rdacarrier _avolumen _bnc |
||
| 500 | _aIncluye índice onomástico. | ||
| 505 | 0 |
_tPreliminares -- _tImágenes del año -- _tCronología -- _gPanorama Internacional -- _tResumen del año. -- _tMichelle Bachelet, una presidenta para Chile -- _tEvo Morales entre dos mundos -- _tPortugal: la derecha en la presidencia -- _tLa última guerra del Líbano -- _tItalia frente a Italia -- _tTormenta sobre México -- _tBrasil: Lula vuelve a ganar -- _tEl comandante Hugo chávez reelegido presidente -- _tIrán nuclear -- _tMontenegro, el último eslabón yugoslavo -- _tBombay, en la estela de Madrid y Londres -- _t¿El comunismo cubano también morirá? -- _gEspaña -- _tResumen político -- _tAño económico en España -- _tNuevo estatuto y elecciones en Cataluña: del tripartito a la entesa -- _tLas reformas estatutarias -- _tPaís Vasco: la paz es el camino -- _tSeguridad y accidentes en los ferrocarriles -- _gEconomía -- _tEconómica mundial -- _tRiesgo hipotecario -- _tEl mercado, energético europeo -- _tLa escalada de los precios del petróleo -- _gCultura -- _tPanorama literario -- _tPanorama musical -- _tTeatro y danza -- _tEl mundo del arte -- _tEl cine en el mundo -- _tArquitectura española para el siglo xxi -- _gSociedad -- _tLa L.O.E., una nueva ley de educación -- _tUn arriesgado viaje al primer mundo -- _gCiencia y técnica -- _tLa energía nuclear: un debate abierto -- _tInvestigación espacial -- _gMedio ambiente -- _tEl oso pardo en los Pirineos -- -- _tel proyecto gran simio -- _tBiodiversidad: pérdidas y hallazgos -- _tIncendios forestales en Galicia -- _gDeportes -- _tDeportes: más que triunfos -- _tJuegos olímpicos de invierno en Turín -- _tMundial de fútbol en Alemania -- _tEl baloncesto español conquista el mundo -- _gPersonajes del año -- _tProtagonistas -- _tObituario -- _gEfemérides -- _tV centenario del nacimiento de la muerte de Cristóbal Colón -- _tIV centenario del nacimiento de Rembrandt -- _t250 años del nacimiento de Mozart -- _tCentenario de la muerte de Paul Cézanne -- _t70 años del inicio de la guerra civil española -- _t25 aniversario de la llegada del Guernica a España -- _tOtras efemérides -- _gPremios -- _tArte -- _tArtes escénicas -- _tCine -- _tLiteratura -- _tMúsica -- _tPremios nacionales -- _tPremios Nobel -- _tOndas -- _tPríncipe de Asturias -- _tMuseos de Bellas Artes de España -- _tSuplemento enciclopédico -- _tÍndice onomástico |
|
| 590 | _aInventariado, 2024/ YL | ||
| 650 | 4 |
_aDiccionario Enciclópedico _986131 |
|
| 700 | 1 |
_aLucena Cayuela, Núria, _edirección _986242 |
|
| 700 | 1 |
_aInduráin Pons, Jordi, _eedición _986243 |
|
| 700 | 1 |
_aLópez Tossas, Emili, _eedición _986244 |
|
| 700 | 1 |
_aRuiz Vegas, Cristina _eredacción _986245 |
|
| 910 | _aYLockward. Validado control de calidad | ||
| 942 |
_2ddc _cLBS1 |
||
| 999 |
_c57390 _d57390 |
||